000 00294nam a2200109Ia 4500
001 1264702
005 20260417141946.0
008 260417s9999 xx 000 0 und d
020 _a9786051858050
245 0 _aGeçmiş Zaman Köşkleri
_cAbdülhak Şinasi Hisar
260 _bEverest Yayınları
999 _c1264702
_d1264702